[Event "Rottach Egern Seniors Cup 12th"]
[Site "Rottach Egern"]
[Date "2024.04.08"]
[Round "3"]
[White "Abel, Hans Peter"]
[Black "Derlich, Manfred"]
[Result "1/2-1/2"]
[WhiteElo "1843"]
[BlackElo "1954"]
[PlyCount "48"]
[EventDate "2024.04.06"]
[EventType "swiss"]
[EventRounds "9"]
[EventCountry "GER"]
[SourceTitle "CB16_2024"]
[SourceDate "2024.04.17"]
[SourceVersion "1"]
[SourceVersionDate "2024.04.17"]
[SourceQuality "1"]

1. c4 g6 2. g3 Bg7 3. Bg2 d6 4. Nc3 c5 5. e3 Nc6 6. Nge2 e5 7. Rb1 Be6 8. b3 Bf5 9. d3 Nge7 10. 0-0 0-0 11. a3 a5 12. Bb2 Qd7 13. Qd2 Bh3 14. f4 Bxg2 15. Kxg2 f5 16. Nb5 d5 17. fxe5 dxc4 18. bxc4 Nxe5 19. Bxe5 Bxe5 20. Rfd1 Rfd8 21. Qc2 Nc6 22. Nf4 Bxf4 23. gxf4 Qe7 24. Qf2 Rd7 1/2-1/2

[Event "Rottach Egern Seniors Cup 11th"]
[Site "Rottach Egern"]
[Date "2023.04.15"]
[Round "1"]
[White "Abel, Hans Peter"]
[Black "Schoetzig, Detlef"]
[Result "0-1"]
[WhiteElo "1772"]
[BlackElo "2079"]
[PlyCount "64"]
[EventDate "2023.04.15"]
[EventType "swiss"]
[EventRounds "9"]
[EventCountry "GER"]
[SourceTitle "EXT 2024"]
[Source "ChessBase"]
[SourceDate "2023.10.10"]
[SourceVersion "1"]
[SourceVersionDate "2023.10.10"]
[SourceQuality "1"]

1. Nf3 d5 2. d4 Nf6 3. g3 e6 4. Bg2 Be7 5. e3 0-0 6. 0-0 c5 7. c3 b6 8. Nbd2 Bb7 9. Qc2 Nbd7 10. Re1 Qc7 11. a3 Rac8 12. Qd3 Rfd8 13. h3 Bd6 14. Nf1 Ne4 15. Rd1 f5 16. Bd2 Ndf6 17. Be1 Kh8 18. Qe2 Rg8 19. Rac1 g5 20. dxc5 bxc5 21. b4 g4 22. hxg4 Rxg4 23. bxc5 Nxc5 24. Nd4 Ba6 25. Qc2 Rcg8 26. Nh2 R4g6 27. Ne2 Bxe2 28. Qxe2 Nce4 29. Bxe4 Nxe4 30. c4 Bxg3 31. fxg3 Rxg3+ 32. Bxg3 Qxg3+ 0-1

[Event "Rottach Egern Seniors Cup 10th"]
[Site "Rottach Egern"]
[Date "2022.03.30"]
[Round "5"]
[White "Prueske, Wolfgang"]
[Black "Abel, Hans Peter"]
[Result "1-0"]
[WhiteElo "1978"]
[BlackElo "1868"]
[PlyCount "99"]
[EventDate "2022.03.26"]
[EventType "swiss"]
[EventRounds "9"]
[EventCountry "GER"]
[SourceTitle "CBM 207 Extra"]
[Source "ChessBase"]
[SourceDate "2022.05.31"]
[SourceVersion "1"]
[SourceVersionDate "2022.05.31"]
[SourceQuality "1"]

1. e4 c5 2. d3 Nc6 3. g3 d6 4. Bg2 g6 5. f4 e6 6. Nf3 Bg7 7. 0-0 Nge7 8. c3 0-0 9. Be3 Rb8 10. g4 b6 11. Na3 f5 12. h3 h6 13. Nh4 Kh7 14. gxf5 exf5 15. exf5 Bxf5 16. Nxf5 Nxf5 17. Bf2 Qd7 18. Nc2 Nce7 19. d4 Rbd8 20. Qd3 Qc7 21. d5 c4 22. Qf3 Bf6 23. Rad1 Rde8 24. Kh2 Bh4 25. Rfe1 g5 26. Bxh4 Nxh4 27. Qh5 Neg6 28. fxg5 Qf7 29. Qxh6+ Kg8 30. Rf1 Qh7 31. Qxh7+ Kxh7 32. Rxf8 Nxf8 33. Re1 Rxe1 34. Nxe1 Nxg2 35. Nxg2 Ng6 36. Kg3 Ne5 37. Nf4 b5 38. h4 a5 39. a3 Nd7 40. h5 Nc5 41. Ne6 Na4 42. Nd4 b4 43. axb4 axb4 44. cxb4 Nxb2 45. b5 Na4 46. Kg4 Nb6 47. g6+ Kg8 48. h6 Nxd5 49. Kg5 c3 50. h7+ 1-0

[Event "DSOL 04 Liga Gr-B 1st"]
[Site "Playchess.com INT"]
[Date "2020.08.10"]
[Round "2.4"]
[White "Alyousef, Khaled"]
[Black "Abel, Hans Peter"]
[Result "1/2-1/2"]
[WhiteElo "1339"]
[BlackElo "1738"]
[PlyCount "52"]
[EventDate "2020.06.22"]
[EventType "team-tourn (rapid)"]
[EventCountry "GER"]
[SourceTitle "EXT 2021"]
[Source "ChessBase"]
[SourceDate "2020.10.23"]
[SourceVersion "1"]
[SourceVersionDate "2020.10.23"]
[SourceQuality "1"]
[WhiteTeam "Lingen"]
[BlackTeam "Leinfelden"]
[WhiteTeamCountry "GER"]
[BlackTeamCountry "GER"]

1. e4 c5 2. Bb5 a6 3. Be2 Nc6 4. Nf3 Nf6 5. Nc3 e5 6. 0-0 Be7 7. d3 0-0 8. Nd5 d6 9. c3 Be6 10. c4 b5 11. b3 Rb8 12. Be3 h6 13. a3 Rb7 14. Rb1 Qd7 15. h3 Rc8 16. Re1 Bd8 17. Kh2 bxc4 18. bxc4 Rxb1 19. Qxb1 Rb8 20. Qc2 Qb7 21. Nd2 Nd4 22. Bxd4 cxd4 23. Rb1 Qc8 24. Rxb8 Qxb8 25. Nxf6+ Bxf6 26. Bg4 Bxg4 1/2-1/2

[Event "MVP-ch Seniors op 19th"]
[Site "Ostseebad Binz"]
[Date "2019.12.04"]
[Round "8"]
[White "Abel, Hans Peter"]
[Black "Deflieze, Ulrich"]
[Result "1/2-1/2"]
[WhiteElo "1767"]
[BlackElo "1920"]
[PlyCount "47"]
[EventDate "2019.11.27"]
[EventType "swiss"]
[EventRounds "9"]
[EventCountry "GER"]
[SourceTitle "EXT 2021"]
[Source "ChessBase"]
[SourceDate "2020.10.23"]
[SourceVersion "1"]
[SourceVersionDate "2020.10.23"]
[SourceQuality "1"]

1. Nf3 d5 2. d4 Nf6 3. c4 e6 4. e3 Be7 5. b3 Nbd7 6. Nbd2 b6 7. Be2 Bb7 8. 0-0 0-0 9. Bb2 c5 10. dxc5 Nxc5 11. Nd4 Rc8 12. Rc1 Qd7 13. N2f3 Qd8 14. Ne5 Nfd7 15. Nxd7 Nxd7 16. cxd5 Bxd5 17. Bf3 Rxc1 18. Qxc1 Bxf3 19. Nxf3 Qb8 20. Rd1 Rd8 21. Nd4 Nc5 22. Nc6 Rxd1+ 23. Qxd1 Qc7 24. Qd7 1/2-1/2

[Event "MVP-ch Seniors op 19th"]
[Site "Ostseebad Binz"]
[Date "2019.12.02"]
[Round "6"]
[White "Abel, Hans Peter"]
[Black "Nitsch, Thomas"]
[Result "0-1"]
[WhiteElo "1767"]
[BlackElo "1943"]
[PlyCount "72"]
[EventDate "2019.11.27"]
[EventType "swiss"]
[EventRounds "9"]
[EventCountry "GER"]
[SourceTitle "EXT 2021"]
[Source "ChessBase"]
[SourceDate "2020.10.23"]
[SourceVersion "1"]
[SourceVersionDate "2020.10.23"]
[SourceQuality "1"]

1. d4 f5 2. c4 Nf6 3. Nc3 e6 4. g3 c6 5. Bg2 d5 6. cxd5 exd5 7. Bf4 Bd6 8. Nh3 Be6 9. 0-0 h6 10. f3 g5 11. Bxd6 Qxd6 12. Nf2 f4 13. g4 Nbd7 14. Qd2 0-0-0 15. h3 Rde8 16. Rfe1 Nf8 17. e4 fxe3 18. Rxe3 Ng6 19. Nd3 h5 20. Rae1 Nd7 21. Qf2 Rhf8 22. Nc5 Nxc5 23. dxc5 Qd7 24. Ne2 hxg4 25. hxg4 Bxg4 26. Rxe8+ Qxe8 27. Nd4 Qf7 28. Qg3 Bd7 29. Qxg5 Rg8 30. Ne2 Ne7 31. Qe3 Nf5 32. Qf2 Qg7 33. Nf4 Qg5 34. Nh3 Qh6 35. Kh2 Nh4 36. Rg1 Nxg2 0-1

[Event "MVP-ch Seniors op 19th"]
[Site "Ostseebad Binz"]
[Date "2019.11.29"]
[Round "3"]
[White "Ludwig, Siegfried"]
[Black "Abel, Hans Peter"]
[Result "0-1"]
[WhiteElo "1561"]
[BlackElo "1767"]
[PlyCount "46"]
[EventDate "2019.11.27"]
[EventType "swiss"]
[EventRounds "9"]
[EventCountry "GER"]
[SourceTitle "EXT 2021"]
[Source "ChessBase"]
[SourceDate "2020.10.23"]
[SourceVersion "1"]
[SourceVersionDate "2020.10.23"]
[SourceQuality "1"]

1. e4 c5 2. Nf3 Nc6 3. Nc3 g6 4. Be2 Bg7 5. h3 d6 6. Nd5 e6 7. Nf4 Nge7 8. 0-0 0-0 9. Bc4 a6 10. a3 b5 11. Be2 Bb7 12. d3 d5 13. Qe1 Qc7 14. exd5 exd5 15. Nh2 Nd4 16. Bd1 Rae8 17. Ne2 Nef5 18. c3 Nxe2+ 19. Bxe2 d4 20. Qd1 dxc3 21. Qc2 Nd4 22. Qd1 Nxe2+ 23. Kh1 cxb2 0-1

[Event "GER-ch Seniors 65"]
[Site "Hamburg"]
[Date "2018.07.28"]
[Round "8"]
[White "Abel, Hans Peter"]
[Black "Willin, Bernhard"]
[Result "1/2-1/2"]
[WhiteElo "1860"]
[BlackElo "1990"]
[PlyCount "41"]
[EventDate "2018.07.21"]
[EventType "swiss"]
[EventRounds "9"]
[EventCountry "GER"]
[SourceTitle "CBM 186 Extra"]
[Source "ChessBase"]
[SourceDate "2018.08.24"]
[SourceVersion "1"]
[SourceVersionDate "2018.08.24"]
[SourceQuality "1"]

1. c4 Nf6 2. g3 e5 3. Bg2 d6 4. Nc3 c6 5. d4 Nbd7 6. e3 Be7 7. Nge2 0-0 8. b3 Qc7 9. Bb2 Re8 10. 0-0 Bf8 11. Qc2 b6 12. Rac1 Bb7 13. Rfd1 Rad8 14. Qf5 g6 15. Qd3 Bg7 16. d5 c5 17. Qc2 Nf8 18. Rf1 Bc8 19. e4 h5 20. Rce1 N8h7 21. Bc1 1/2-1/2

[Event "GER-ch Seniors 65"]
[Site "Hamburg"]
[Date "2018.07.27"]
[Round "7"]
[White "Dachrodt, Heinz Guenther"]
[Black "Abel, Hans Peter"]
[Result "1/2-1/2"]
[WhiteElo "1717"]
[BlackElo "1860"]
[PlyCount "61"]
[EventDate "2018.07.21"]
[EventType "swiss"]
[EventRounds "9"]
[EventCountry "GER"]
[SourceTitle "CBM 186 Extra"]
[Source "ChessBase"]
[SourceDate "2018.08.24"]
[SourceVersion "1"]
[SourceVersionDate "2018.08.24"]
[SourceQuality "1"]

1. e4 c5 2. Nf3 d6 3. Bb5+ Bd7 4. Bxd7+ Qxd7 5. b3 Nc6 6. Bb2 e6 7. 0-0 Nge7 8. c4 e5 9. Nc3 g6 10. d3 Bg7 11. Nd5 Nxd5 12. cxd5 Ne7 13. Nd2 0-0 14. f4 f5 15. fxe5 dxe5 16. Nc4 Nxd5 17. exd5 Qxd5 18. Qf3 Rfd8 19. Qxd5+ Rxd5 20. Rfe1 Re8 21. Rad1 Kf7 22. a4 b6 23. Rd2 Red8 24. Nxe5+ Bxe5 25. Rxe5 Rxd3 26. Rde2 R8d7 27. R5e3 Rxe3 28. Rxe3 Rd1+ 29. Kf2 Rd2+ 30. Re2 Rd3 31. Re3 1/2-1/2

[Event "GER-ch Seniors 65"]
[Site "Hamburg"]
[Date "2018.07.26"]
[Round "6"]
[White "Abel, Hans Peter"]
[Black "Garms, Ilse"]
[Result "1-0"]
[WhiteElo "1860"]
[BlackElo "1744"]
[PlyCount "125"]
[EventDate "2018.07.21"]
[EventType "swiss"]
[EventRounds "9"]
[EventCountry "GER"]
[SourceTitle "CBM 186 Extra"]
[Source "ChessBase"]
[SourceDate "2018.08.24"]
[SourceVersion "1"]
[SourceVersionDate "2018.08.24"]
[SourceQuality "1"]

1. c4 b6 2. Nf3 Bb7 3. g3 Nf6 4. Bg2 e6 5. 0-0 Be7 6. Nc3 d5 7. d4 dxc4 8. Qa4+ Nbd7 9. Qxc4 0-0 10. Re1 c5 11. dxc5 Bxc5 12. b4 Be7 13. Bb2 Rc8 14. Qb3 a5 15. a3 Bd5 16. Nxd5 Nxd5 17. e4 N5f6 18. Rad1 Qc7 19. Rc1 Qb8 20. Nd4 Rxc1 21. Rxc1 e5 22. Nc6 Qd6 23. Nxe7+ Qxe7 24. bxa5 bxa5 25. Qc3 Qd8 26. Rd1 Qb6 27. Bc1 Re8 28. Be3 Qb5 29. f3 h6 30. Bf1 Qb7 31. Qxa5 Qb3 32. Re1 Rb8 33. a4 Nb6 34. Bxb6 Rxb6 35. Bb5 Rd6 36. Kf2 Qb2+ 37. Be2 Rd2 38. Qb5 Qd4+ 39. Kf1 Ra2 40. a5 Rb2 41. Qd3 Qxd3 42. Bxd3 Rxh2 43. Be2 Rh1+ 44. Kf2 Rxe1 45. Kxe1 Ne8 46. a6 Nc7 47. a7 Kf8 48. Bc4 Ke7 49. Bd5 f6 50. Kf2 Kd6 51. a8Q Nxa8 52. Bxa8 Kc5 53. Bd5 Kd4 54. Bf7 g5 55. Bg6 Kc5 56. Bh5 Kd4 57. Kg2 Kc5 58. Kh3 Kd6 59. Kg4 Ke6 60. Bg6 f5+ 61. Bxf5+ Kf6 62. Kh5 Kg7 63. g4 1-0

[Event "GER-ch Seniors 65"]
[Site "Hamburg"]
[Date "2018.07.23"]
[Round "3"]
[White "Wilke, Wolfgang"]
[Black "Abel, Hans Peter"]
[Result "1/2-1/2"]
[WhiteElo "1704"]
[BlackElo "1860"]
[PlyCount "79"]
[EventDate "2018.07.21"]
[EventType "swiss"]
[EventRounds "9"]
[EventCountry "GER"]
[SourceTitle "CBM 186 Extra"]
[Source "ChessBase"]
[SourceDate "2018.08.24"]
[SourceVersion "1"]
[SourceVersionDate "2018.08.24"]
[SourceQuality "1"]

1. d4 d5 2. Nf3 Nf6 3. Bf4 g6 4. Nbd2 Bg7 5. Ne5 Nbd7 6. Ndf3 0-0 7. e3 c6 8. Be2 Nxe5 9. Bxe5 Qb6 10. Qc1 Qa5+ 11. c3 c5 12. 0-0 Ne4 13. Bxg7 Kxg7 14. Nd2 Nxd2 15. Qxd2 e6 16. dxc5 Qxc5 17. Qd4+ Qxd4 18. cxd4 Bd7 19. Rfc1 Rfc8 20. Kf1 Kf8 21. Ke1 Ke7 22. Kd2 Kd6 23. h3 h6 24. Rxc8 Rxc8 25. Rc1 f6 26. Bd3 g5 27. Rc3 Rc7 28. b4 a6 29. Rc5 Bc8 30. e4 dxe4 31. Bxe4 b6 32. Rxc7 Kxc7 33. Ke3 Kd6 34. Bf3 Bd7 35. Be2 b5 36. g3 Bc6 37. f4 Bg2 38. fxg5 fxg5 39. h4 e5 40. Bg4 1/2-1/2

[Event "Wch Seniors 65 26th"]
[Site "Marianske Lazne"]
[Date "2016.11.27"]
[Round "8"]
[White "Abel, Hans Peter"]
[Black "Sand, Rolf"]
[Result "1/2-1/2"]
[WhiteElo "1923"]
[BlackElo "2068"]
[PlyCount "39"]
[EventDate "2016.11.19"]
[EventType "swiss"]
[EventRounds "11"]
[EventCountry "CZE"]
[SourceTitle "CBM 175 Extra"]
[Source "ChessBase"]
[SourceDate "2016.12.12"]
[SourceVersion "1"]
[SourceVersionDate "2016.12.12"]
[SourceQuality "1"]

1. d4 Nf6 2. c4 g6 3. g3 Bg7 4. Bg2 d5 5. cxd5 Nxd5 6. Nf3 Nb6 7. 0-0 Nc6 8. e3 e5 9. dxe5 Qxd1 10. Rxd1 Nxe5 11. Nbd2 0-0 12. Nxe5 Bxe5 13. Nb3 c6 14. Na5 Bg4 15. f3 Be6 16. Nxb7 Na4 17. f4 Bxb2 18. Bxb2 Nxb2 19. Rd4 Nc4 20. Kf2 1/2-1/2

[Event "Wch Seniors 65 26th"]
[Site "Marianske Lazne"]
[Date "2016.11.19"]
[Round "1"]
[White "Sorensen, Bent"]
[Black "Abel, Hans Peter"]
[Result "1-0"]
[WhiteElo "2263"]
[BlackElo "1923"]
[PlyCount "61"]
[EventDate "2016.11.19"]
[EventType "swiss"]
[EventRounds "11"]
[EventCountry "CZE"]
[SourceTitle "CBM 175 Extra"]
[Source "ChessBase"]
[SourceDate "2016.12.12"]
[SourceVersion "1"]
[SourceVersionDate "2016.12.12"]
[SourceQuality "1"]

1. Nf3 d5 2. g3 Nf6 3. Bg2 g6 4. d4 Bg7 5. c4 c6 6. b3 0-0 7. 0-0 Nbd7 8. Bb2 Re8 9. Nbd2 e6 10. Qc2 b6 11. e4 dxe4 12. Nxe4 Qc7 13. Rad1 Bb7 14. Nxf6+ Nxf6 15. Bc1 Rad8 16. Bf4 Qc8 17. Rfe1 Nd7 18. Bg5 f6 19. Bc1 c5 20. d5 exd5 21. cxd5 Ne5 22. Nxe5 Rxe5 23. Rxe5 fxe5 24. Bg5 Rf8 25. Be7 Qd7 26. Bxf8 Kxf8 27. Qc4 Qd6 28. Qh4 h6 29. Qg4 Ke7 30. Be4 Kf7 31. Qe6+ 1-0

[Event "Schleswig Holstein-ch Seniors op 10th"]
[Site "Buesum"]
[Date "2016.10.04"]
[Round "9"]
[White "Kaufmann, Helmut"]
[Black "Abel, Hans Peter"]
[Result "1/2-1/2"]
[WhiteElo "1986"]
[BlackElo "1917"]
[PlyCount "54"]
[EventDate "2016.09.26"]
[EventType "swiss"]
[EventRounds "9"]
[EventCountry "GER"]
[SourceTitle "EXT 2019"]
[Source "ChessBase"]
[SourceDate "2018.10.10"]
[SourceVersion "1"]
[SourceVersionDate "2018.10.10"]
[SourceQuality "1"]

1. g3 d5 2. Bg2 c6 3. d3 e6 4. a3 g6 5. Nf3 Bg7 6. 0-0 a5 7. c3 Ne7 8. Qc2 0-0 9. e4 Nd7 10. Nbd2 f5 11. Re1 Nc5 12. exf5 exf5 13. Nb3 Ne6 14. Ng5 Nxg5 15. Bxg5 Bf6 16. Bxf6 Rxf6 17. Re6 Qd6 18. Rae1 Rxe6 19. d4 Re5 20. Rxe5 b6 21. Qd2 Bd7 22. Nc1 Kg7 23. Nd3 Ng8 24. Qe1 Kf7 25. Re2 Kf8 26. f3 Nf6 27. Re5 Kf7 1/2-1/2

[Event "Schleswig Holstein-ch Seniors op 10th"]
[Site "Buesum"]
[Date "2016.10.02"]
[Round "7"]
[White "Eschweiler, Gottfried"]
[Black "Abel, Hans Peter"]
[Result "0-1"]
[WhiteElo "1748"]
[BlackElo "1917"]
[PlyCount "54"]
[EventDate "2016.09.26"]
[EventType "swiss"]
[EventRounds "9"]
[EventCountry "GER"]
[SourceTitle "EXT 2019"]
[Source "ChessBase"]
[SourceDate "2018.10.10"]
[SourceVersion "1"]
[SourceVersionDate "2018.10.10"]
[SourceQuality "1"]

1. e4 c5 2. Nf3 d6 3. d3 g6 4. g3 Bg7 5. Bg2 Nf6 6. 0-0 Nc6 7. c3 0-0 8. Nbd2 Bd7 9. Re1 Qc8 10. Nf1 Bg4 11. Ne3 Bd7 12. Rb1 Ng4 13. Nd2 Nxe3 14. Rxe3 Ne5 15. f4 Ng4 16. Re1 Rb8 17. Nf3 f5 18. exf5 Bxf5 19. Ng5 e5 20. Bd5+ Kh8 21. Nf7+ Rxf7 22. Bxf7 b5 23. Bb3 c4 24. Bc2 Qc5+ 25. d4 exd4 26. Bxf5 dxc3+ 27. Be3 Nxe3 0-1

[Event "Bad Woerishofen Seniors op 32nd"]
[Site "Bad Woerishofen"]
[Date "2016.03.02"]
[Round "6"]
[White "Abel, Hans Peter"]
[Black "Weyand, Fernand"]
[Result "1-0"]
[WhiteElo "1928"]
[BlackElo "1788"]
[PlyCount "119"]
[EventDate "2016.02.26"]
[EventType "swiss"]
[EventRounds "9"]
[EventCountry "GER"]
[SourceTitle "EXT 2019"]
[Source "ChessBase"]
[SourceDate "2018.10.10"]
[SourceVersion "1"]
[SourceVersionDate "2018.10.10"]
[SourceQuality "1"]

1. Nf3 c6 2. d4 d5 3. Bf4 Nf6 4. h3 Bf5 5. e3 e6 6. Bd3 Bxd3 7. Qxd3 Bd6 8. Bxd6 Qxd6 9. 0-0 Nbd7 10. Nbd2 0-0 11. c4 Rfe8 12. Qc3 Rac8 13. Ne5 c5 14. Nxd7 Qxd7 15. b3 cxd4 16. Qxd4 dxc4 17. Qxd7 Nxd7 18. Nxc4 Rc6 19. Rfd1 Nb6 20. Nd6 Re7 21. Nxb7 Nd5 22. Na5 Rcc7 23. e4 Nf6 24. Nc4 Kf8 25. f3 Red7 26. Kf2 Ke7 27. Ke2 h5 28. Rxd7+ Rxd7 29. Rd1 Rxd1 30. Kxd1 h4 31. Ne5 Nh5 32. Ke2 Nf4+ 33. Kf1 g5 34. Nc6+ Kd7 35. Nxa7 Nd3 36. Nb5 Kc6 37. Nc3 Kc5 38. a3 Nc1 39. b4+ Kc4 40. Ne2 Nd3 41. g3 hxg3 42. Kg2 Kb3 43. b5 Kxa3 44. Kxg3 Nc5 45. Kg4 f6 46. b6 Ka4 47. Nd4 Ka5 48. b7 Nxb7 49. Nxe6 Nd6 50. Nc7 Nc4 51. Nd5 Ne5+ 52. Kg3 Nd7 53. f4 Kb5 54. fxg5 fxg5 55. Kg4 Kc5 56. Kxg5 Kd6 57. Kf5 Nf8 58. h4 Kd7 59. Nf4 Ke7 60. Ng6+ 1-0

[Event "Bad Woerishofen Seniors op 32nd"]
[Site "Bad Woerishofen"]
[Date "2016.02.29"]
[Round "4"]
[White "Sand, Rolf"]
[Black "Abel, Hans Peter"]
[Result "1-0"]
[WhiteElo "2032"]
[BlackElo "1928"]
[PlyCount "103"]
[EventDate "2016.02.26"]
[EventType "swiss"]
[EventRounds "9"]
[EventCountry "GER"]
[SourceTitle "EXT 2019"]
[Source "ChessBase"]
[SourceDate "2018.10.10"]
[SourceVersion "1"]
[SourceVersionDate "2018.10.10"]
[SourceQuality "1"]

1. c4 c5 2. g3 g6 3. Bg2 Bg7 4. Nc3 Nc6 5. Nf3 d6 6. 0-0 e6 7. e3 Nge7 8. d4 0-0 9. Qd2 b6 10. b3 Rb8 11. Bb2 Bb7 12. Rfd1 a6 13. Qe2 Qc7 14. Rd2 Rfd8 15. Rad1 cxd4 16. Nxd4 Nxd4 17. exd4 Bxg2 18. Kxg2 Qb7+ 19. d5 b5 20. Kg1 b4 21. Ne4 Bxb2 22. Rxb2 exd5 23. Nf6+ Kg7 24. Nxd5 Nxd5 25. Rxd5 Re8 26. Qd3 Re1+ 27. Kg2 Rbe8 28. Rd2 R8e6 29. Qd4+ Kg8 30. h4 h5 31. Qf4 R1e5 32. Qf3 Rxd5 33. Qxd5 Qb6 34. Kg1 Re1+ 35. Kg2 Re6 36. Qf3 Qa5 37. Qa8+ Kg7 38. Qd5 Qc7 39. Kf1 Qe7 40. Qd4+ Kg8 41. Kg2 Qc7 42. f3 Qb7 43. Kf2 Qc7 44. Rc2 Qc5 45. Qxc5 dxc5 46. Rd2 Rc6 47. Ke3 Re6+ 48. Kf4 Kg7 49. Rd5 Rc6 50. Ke4 Re6+ 51. Re5 Rd6 52. Rxc5 1-0

[Event "Bad Woerishofen Seniors op 32nd"]
[Site "Bad Woerishofen"]
[Date "2016.02.28"]
[Round "3"]
[White "Skibbe, Hannes"]
[Black "Abel, Hans Peter"]
[Result "0-1"]
[WhiteElo "1766"]
[BlackElo "1928"]
[PlyCount "106"]
[EventDate "2016.02.26"]
[EventType "swiss"]
[EventRounds "9"]
[EventCountry "GER"]
[SourceTitle "EXT 2019"]
[Source "ChessBase"]
[SourceDate "2018.10.10"]
[SourceVersion "1"]
[SourceVersionDate "2018.10.10"]
[SourceQuality "1"]

1. e4 d6 2. Nf3 c5 3. c3 Nf6 4. d3 g6 5. g3 Bg7 6. Bg2 0-0 7. 0-0 Nc6 8. Re1 Qc7 9. Nbd2 b6 10. Nf1 Bb7 11. Bg5 h6 12. Bxf6 Bxf6 13. Rc1 Rac8 14. Ne3 e6 15. Qd2 Bg7 16. h3 Qe7 17. Rcd1 Kh7 18. Kh2 Rfe8 19. Nc2 a6 20. Ne3 b5 21. Nc2 Qc7 22. Rc1 Qd8 23. Rcd1 Qc7 24. Rc1 Rcd8 25. d4 Qb6 26. d5 exd5 27. exd5 Ne7 28. Ne3 Qc7 29. Ng1 Ng8 30. Rcd1 Nf6 31. Qc2 Re7 32. Re2 Rde8 33. Rdd2 Qd7 34. a3 Qd8 35. b3 Qa5 36. c4 Qxa3 37. Qd3 Qa5 38. Ra2 Qb6 39. Nf1 bxc4 40. bxc4 Rxe2 41. Rxe2 Qd8 42. Rxe8 Qxe8 43. Qb3 Bc8 44. Ne3 Nd7 45. Nf3 Ne5 46. Qa3 Qd7 47. Nxe5 Bxe5 48. Ng4 Bd4 49. Qc1 Bg7 50. Qf4 Qe7 51. Ne3 h5 52. Qf3 Be5 53. h4 Qxh4+ 0-1

[Event "Wuertemberg-ch Seniors 27th"]
[Site "Freudenstadt"]
[Date "2015.07.08"]
[Round "6"]
[White "Meyer, Thomas"]
[Black "Abel, Hans Peter"]
[Result "1/2-1/2"]
[WhiteElo "1816"]
[BlackElo "1968"]
[PlyCount "51"]
[EventDate "2015.07.03"]
[EventType "swiss"]
[EventRounds "9"]
[EventCountry "GER"]
[SourceTitle "EXT 2016"]
[Source "ChessBase"]
[SourceDate "2015.10.08"]
[SourceVersion "1"]
[SourceVersionDate "2015.10.08"]
[SourceQuality "1"]

1. d4 d5 2. c4 c6 3. Nc3 Nf6 4. Nf3 g6 5. Bg5 Bg7 6. e3 0-0 7. cxd5 cxd5 8. Be2 Nbd7 9. 0-0 a6 10. Rc1 b5 11. h3 Bb7 12. Bd3 Re8 13. Qd2 h6 14. Bf4 Nh5 15. Rfe1 Nxf4 16. exf4 e6 17. Bb1 Rc8 18. g3 Qb6 19. Ne5 Nf8 20. Ne2 b4 21. Rxc8 Rxc8 22. Rc1 a5 23. Rxc8 Bxc8 24. Bd3 Ba6 25. Bxa6 Qxa6 26. Qc2 1/2-1/2

[Event "Wuertemberg-ch Seniors 27th"]
[Site "Freudenstadt"]
[Date "2015.07.06"]
[Round "4"]
[White "Scholtyssek, Werner"]
[Black "Abel, Hans Peter"]
[Result "0-1"]
[WhiteElo "1789"]
[BlackElo "1968"]
[PlyCount "48"]
[EventDate "2015.07.03"]
[EventType "swiss"]
[EventRounds "9"]
[EventCountry "GER"]
[SourceTitle "EXT 2016"]
[Source "ChessBase"]
[SourceDate "2015.10.08"]
[SourceVersion "1"]
[SourceVersionDate "2015.10.08"]
[SourceQuality "1"]

1. e4 c5 2. Nf3 d6 3. d4 cxd4 4. Nxd4 Nf6 5. Nc3 g6 6. Be3 Bg7 7. Bd3 0-0 8. Qd2 Ng4 9. 0-0 Nxe3 10. fxe3 Nc6 11. Nce2 Ne5 12. c3 a6 13. b3 b5 14. Nf3 Bb7 15. Rac1 Rc8 16. c4 Qb6 17. Nf4 bxc4 18. Nd5 Bxd5 19. Nxe5 Bxe5 20. exd5 cxd3 21. Kh1 Qb5 22. e4 a5 23. a4 Rxc1 24. Rxc1 Qxb3 0-1

[Event "Bayern-ch Seniors op 27th"]
[Site "Bergen"]
[Date "2015.06.15"]
[Round "7"]
[White "Abel, Hans Peter"]
[Black "Baumgartner, Andreas"]
[Result "1/2-1/2"]
[WhiteElo "1795"]
[BlackElo "1677"]
[PlyCount "44"]
[EventDate "2015.06.15"]
[EventType "swiss"]
[EventRounds "9"]
[EventCountry "GER"]
[SourceTitle "EXT 2019"]
[Source "ChessBase"]
[SourceDate "2018.10.10"]
[SourceVersion "1"]
[SourceVersionDate "2018.10.10"]
[SourceQuality "1"]

1. Nf3 e6 2. c4 d5 3. d4 Nf6 4. g3 Be7 5. Bg2 c6 6. Nbd2 0-0 7. 0-0 Nbd7 8. Qc2 h6 9. b3 c5 10. e3 b6 11. Bb2 Bb7 12. Rfd1 Rc8 13. Rac1 cxd4 14. exd4 Rc7 15. Qb1 Qa8 16. Qd3 Rd8 17. Qe2 Re8 18. Ne5 dxc4 19. Bxb7 Qxb7 20. Ndxc4 Rec8 21. Nxd7 Rxd7 22. Ne5 Rdc7 1/2-1/2